Normal view
MARC view
- بني هاني، جهاد صياح، نازم محمود الملكاوي، فالح عبد القادر الحوري
Entry Personal Name
001 - CONTROL NUMBER
- control field: 45158
003 - CONTROL NUMBER IDENTIFIER
- control field: JO-AjAnu
005 - DATE AND TIME OF LATEST TRANSACTION
- control field: 20230606081454.0
008 - FIXED-LENGTH DATA ELEMENTS
- fixed length control field: 230606|| aca||aabn | a|a d
040 ## - CATALOGING SOURCE
- Original cataloging agency: JO-AjAnu
- Transcribing agency: JO-AjAnu
100 ## - HEADING--PERSONAL NAME
- Personal name: بني هاني، جهاد صياح، نازم محمود الملكاوي، فالح عبد القادر الحوري
670 ## - SOURCE DATA FOUND
- Source citation: Work cat.: (JO-AjAnu)23122: بني هاني، جهاد صياح، نازم محمود الملكاوي، فالح عبد القادر الحوري, author, بحوث العمليات والاساليب الكمية :نظرية وتطبيقية=Operations Research and Quantitative Methods:Theroy and Application